B2B marketing: A South-Asian perspective (Record no. 359969)

MARC details
000 -LEADER
fixed length control field 00614 a2200241 4500
005 - DATE & TIME
control field 20250304103148.0
008 - FIXED-LENGTH DATA ELEMENTS--GENERAL INFORMATION
fixed length control field 250220b |||||||| |||| 00| 0 eng d
020 ## - ISBN
International Standard Book Number 9789360532062
Price Rs. 1095.00
040 ## - CATALOGING SOURCE
Original cataloging agency VIVEKANANDA LIBRARY
082 ## - DDC NUMBER
Classification number 658.8
Book Number H977B(13)
100 ## - MAIN ENTRY--PERSONAL NAME
Personal name Hutt, Michael D
245 ## - TITLE STATEMENT
Title B2B marketing: A South-Asian perspective
250 ## - EDITION STATEMENT
Edition statement 13th
260 ## - PUBLICATION, DISTRIBUTION, ETC. (IMPRINT)
Name of publisher, distributor, etc Cengage India
Place of publication, distribution, etc Delhi
Date of publication, distribution, etc 2024
300 ## - PHYSICAL DESCRIPTION
Pages v.
650 ## - Subject
Subject Management
650 ## - Subject
Subject Marketing
650 ## - Subject
Subject Business Marketing
700 ## - Added Entry Personal Name
Added Entry Personal Name Sharma, Dheeraj
700 ## - Added Entry Personal Name
Added Entry Personal Name Speh. Thomas W
700 ## - Added Entry Personal Name
Added Entry Personal Name Hoffman, K Douglas
942 ## - ADDED ENTRY ELEMENTS (KOHA)
Koha item type Books
Holdings
Withdrawn status Lost status Source of classification or shelving scheme Damaged status Not for loan Location (home branch) Sublocation or collection (holding branch) Shelving location Date acquired Koha issues (times borrowed) Koha full call number Accession No. Koha date last seen Koha item type
    Dewey Decimal Classification     VIVEKANANDA LIBRARY VIVEKANANDA LIBRARY IMSAR Library 21/01/2025   658.8 H977B(13) 420566 21/01/2025 Books
© Designed and Maintained by Vivekananda Library, MDU Rohtak